Duygular : (Record no. 15414)

MARC details
000 -BAŞLIK
Sabit Uzunlukta Kontrol Alanı 00918nam a22002657a 4500
999 ## - SİSTEM KONTROL NUMARALARI (KOHA)
Koha Biblionumber 15414
Koha Biblioitemnumber 15414
003 - KONTROL NUMARASI IDENTIFIER
Denetim Alanı MIRAKIL
005 - SON İŞLEM TARİHİ VE ZAMANI
Denetim Alanı 20240215113649.0
008 - SABİT-BOY VERİ ELEMANLARI - GENEL BİLGİLER
Sabit Uzunlukta Kontrol Alanı 240215b tu ||||| |||| 00| 0 tur d
020 ## - ULUSLARARASI STANDART KİTAP NUMARASI
Uluslararası Standart Kitap Numarası 9786058065345
040 ## - KATALOGLAMA KAYNAK
Orijinal Kataloglama Ajansı TR-AnCHP
Metne Dönüştürmek Ajansı TR-AnCHP
041 ## - DİL KODU
Metin / Ses Parça Veya Ayrı Başlığın Dil Kodu Tur
082 ## - DEWEY ONLU SINIFLANDIRMA NUMARASI
Sınıflandırma Numarası 531
Ürün Numarası K89d 2021
090 ## - SINIFLAMA NUMARASI
Sınıflama Numarası 531 K89d 2021
100 ## - ANA GİRİŞ - KİŞİSEL İSİM
Kişisel Ad Kuzucu, Yaşar
245 10 - BAŞLIK TABLOSU
Başlık Duygular :
Başlığın Kalan duyguların farkındalığı ve ifadesi psiko-eğitim programı/
Sorumluluk Tablosu, Vb Yaşar Kuzucu ; Yaşar Kuzucu.
250 ## - EDITION TABLOSU
Baskı Beyanı güncellenmiş 3. baskı : Nisan 2021.
260 ## - YAYIN, DAĞITIM, VB
Yayın, Dağıtım, Vb Yeri Ankara :
Yayıncı, Dağıtıcı, Vs Adı Türk Psikolojik Danışma ve Rehberlik Derneği,
Yayın, Dağıtım, Vb Tarihi 2021.
300 ## - FİZİKSEL TANIM
Kapsam 243 sayfa ;
Boyutlar 24 cm.
650 #0 - KONU KATMA GİRİŞ - TOPİKAL DÖNEM
9 (RLIN) 29
Topikal Süreli Veya Coğrafi Ad Giriş Elemanı Psikoloji
650 #0 - KONU KATMA GİRİŞ - TOPİKAL DÖNEM
9 (RLIN) 7563
Topikal Süreli Veya Coğrafi Ad Giriş Elemanı Psikolojik danışma ve rehberlik
Genel Alt Bölümü Eğitim
650 #0 - KONU KATMA GİRİŞ - TOPİKAL DÖNEM
9 (RLIN) 7562
Topikal Süreli Veya Coğrafi Ad Giriş Elemanı Empati
650 #0 - KONU KATMA GİRİŞ - TOPİKAL DÖNEM
9 (RLIN) 7561
Topikal Süreli Veya Coğrafi Ad Giriş Elemanı Danışmanlık
856 ## - ELEKTRONİK YER VE ERİŞİM
Kamu Notu Dijital Nüshası için Partimizin Kütüphane Sorumlusu ile iletişime geçiniz.
942 ## - EKLENDİ GİRİŞ ELEMANLARI (KOHA)
Sınıflandırma Veya Raf Düzeni Kaynak Dewey Decimal Classification
Koha Öğesi Türü Books
Holdings
Kalıcı Konum Mevcut Konum Edinme Tarihi Toplam Check-Out'Lar Tam Çağrı Numarası Barkod Tarih Son Görülme İtibaren Geçerli Fiyatlar Koha Öğesi Türü
CHP Kütüphanesi CHP Kütüphanesi 02/15/2024   531 K89d 2021 21005 02/15/2024 02/15/2024 Books